000 00581cam a2200193 a 4500
001 000009075
005 20200929161500.0
008 750319s1973 ck 001 0 spa
040 _aDO-SdBNP
_bspa
_cBHPHU
082 _aCo863.44
_bC313c
100 1 _aCarrasquilla, Tomás,
_d1858-1940.
_923724
245 1 0 _aCuentos /
_cTomás Carrasquilla.
260 _aColombia :
_bBedout,
_c[1973].
300 _a386 p. ;
_c19 cm.
490 1 _aBolsilibros Beudout
_v1
650 4 _aCuentos colombianos
_921475
650 4 _aLiteratura colombiana
_91244
830 0 _aBolsilibros Beudout
_v1
_923725
999 _c8839
_d8839